|
|
|
|
| LEADER |
00000naa0a2200000 4500 |
| 001 |
669312 |
| 005 |
20250707135933.0 |
| 035 |
|
|
|a (RuTPU)RU\TPU\network\40552
|
| 035 |
|
|
|a RU\TPU\network\40551
|
| 090 |
|
|
|a 669312
|
| 100 |
|
|
|a 20230321d2022 k y0rusy50 ca
|
| 101 |
0 |
|
|a rus
|
| 102 |
|
|
|a RU
|
| 135 |
|
|
|a drcn ---uucaa
|
| 181 |
|
0 |
|a i
|
| 182 |
|
0 |
|a b
|
| 200 |
1 |
|
|a Оценка радиационной стойкости рабочего тела детектора, предназначенного для определения пространственных характеристик медицинских пучков
|f А. Е. Шарыпова, А. А. Григорьева, А. А. Булавская, С. Г. Стучебров
|
| 203 |
|
|
|a Текст
|c электронный
|
| 225 |
1 |
|
|a Радионуклидная биомедицина
|
| 300 |
|
|
|a Заглавие с экрана
|
| 333 |
|
|
|a Режим доступа: по договору с организацией-держателем ресурса
|
| 463 |
|
|
|t Будущее атомной энергетики – AtomFuture 2022
|o тезисы докладов XVIII Международной научно-практической конференции, г. Обнинск, 28-29 ноября 2022 г.
|f Национальный исследовательский ядерный университет "МИФИ"
|v [С. 232-234]
|d 2022
|
| 610 |
1 |
|
|a электронный ресурс
|
| 610 |
1 |
|
|a труды учёных ТПУ
|
| 701 |
|
1 |
|a Шарыпова
|b А. Е.
|g Анастасия Евгеньевна
|
| 701 |
|
1 |
|a Григорьева
|b А. А.
|c специалист в области ядерных технологий
|c инженер Томского политехнического университета
|f 1995-
|g Анна Анатольевна
|3 (RuTPU)RU\TPU\pers\46628
|9 22286
|
| 701 |
|
1 |
|a Булавская
|b А. А.
|c специалист в области ядерных технологий
|c старший преподаватель Томского политехнического университета, кандидат физико-математических наук
|f 1993-
|g Ангелина Александровна
|3 (RuTPU)RU\TPU\pers\44939
|9 21864
|
| 701 |
|
1 |
|a Стучебров
|b С. Г.
|c физик
|c доцент Томского политехнического университета, кандидат физико-математических наук
|f 1981-
|g Сергей Геннадьевич
|3 (RuTPU)RU\TPU\pers\31441
|9 15603
|
| 712 |
0 |
2 |
|a Национальный исследовательский Томский политехнический университет
|b Инженерная школа ядерных технологий
|b Отделение ядерно-топливного цикла
|3 (RuTPU)RU\TPU\col\23554
|
| 712 |
0 |
2 |
|a Национальный исследовательский Томский политехнический университет
|b Исследовательская школа физики высокоэнергетических процессов
|c (2017- )
|3 (RuTPU)RU\TPU\col\23551
|
| 801 |
|
2 |
|a RU
|b 63413507
|c 20230321
|g RCR
|
| 850 |
|
|
|a 63413507
|
| 856 |
4 |
|
|u https://www.elibrary.ru/item.asp?id=50339696&pff=1
|z https://www.elibrary.ru/item.asp?id=50339696&pff=1
|
| 942 |
|
|
|c CF
|